Quản trị thời đại thông tin

Spremljeno u:
Bibliografski detalji
Glavni autor: Thanh Hòa
Format: Knjiga
Jezik:Vietnamese
Izdano: TR 1999
Oznake: Dodaj oznaku
Bez oznaka, Budi prvi tko označuje ovaj zapis!
Thư viện lưu trữ: Mạng thư viện Đại học Đà Nẵng
LEADER 00615nam a2200277 4500
001 000026897
003 943
005 20150325120000.0
008 150325s vm 000 vie
020 |c 22,0000 
040 |a NOTTS 
100 |a Thanh Hòa 
245 |a Quản trị thời đại thông tin 
260 |b TR  |c 1999 
300 |a 233tr. ; 
OWN |a LTT 
999 |a From the UDN01 
TYP |a Monograph 
TYP |a Printed language 
980 |a Mạng thư viện Đại học Đà Nẵng